000 00418cam a2200169ua 4500
020 _c3.00
041 _amal
_h
082 _a894.81209
_bPAU/NO
100 _aPaul, M.P.
245 _aNovel sahithyam /
_cM.P.paul.
_hTextual Documents
260 _aKottayam :
_bSahitya Pravarthaka Co-operative Society ,
_c1963.
300 _a279 ; .
365 _a3.00
504 _a
942 _cBK
999 _c12020
_d12020